000 00551cam a2200217 a 4500
001 16857796
005 20250123055825.0
008 110706s2011 ii b 001 0 eng
020 _a9788131604304
040 _aDLC
_cDLC
_dDLC
082 _26669
_a305.4
_bPAD
100 1 _aPadia, C
245 1 0 _aTheorizing Feminism:
_bA Cross-Cultural Exploration
260 _aJaipur
_bRawat Publications,
_c2011
300 _axviii, 233 p.,
650 0 _aFeminist theory.
650 0 _aFeminism
650 0 _aSocial Science
650 0 _aWomen
942 _cL
999 _c5958
_d5958